00502 2200181 4500001002100000005001500021035002000036245006900056100002200125250000600147300003700153260004400190082000800234084001400242020001800256650002900274990001700303INLIS00000000000119420190517011854 a0010-05190000851 aSeri Life Skill :bPengolahan Kolang-Kaling /cIr. Adang Suryana0 aIr. Adang Suryana a- aviii, 28 hlm. :bilus. ;c21 cm. aJakarta :bPT Musi Perkasa Utama,c2005 a664 a664 ADA s a979-651-197-5 aTeknik Pembuatan Makanan a04298/H/2018